Di sản thế giới

সংরক্ষণ করুন:
গ্রন্থ-পঞ্জীর বিবরন
বিন্যাস: গ্রন্থ
ভাষা:Undetermined
প্রকাশিত: Thành phố Hồ Chí Minh Trẻ 2004
বিষয়গুলি:
ট্যাগগুলো: ট্যাগ যুক্ত করুন
কোনো ট্যাগ নেই, প্রথমজন হিসাবে ট্যাগ করুন!
Thư viện lưu trữ: Trung tâm Học liệu Trường Đại học Cần Thơ
LEADER 00538nam a2200193Ia 4500
001 CTU_59235
008 210402s9999 xx 000 0 und d
020 |b 28000 
082 |a 910 
082 |b D300/T.10 
245 0 |a Di sản thế giới 
245 0 |c Bùi Đẹp 
260 |a Thành phố Hồ Chí Minh 
260 |b Trẻ 
260 |c 2004 
650 |a Civilization, asian,Geographical 
650 |x History,Sources 
904 |i Minh,Qhieu đã sửa 
980 |a Trung tâm Học liệu Trường Đại học Cần Thơ